|
|
|
|
| LEADER |
01088nam a2200265 a 4500 |
| 001 |
14642 |
| 003 |
BD-DhAAL |
| 008 |
921123s1992 si a b 001 0 eng d |
| 999 |
|
|
|c 239
|d 239
|
| 020 |
|
|
|a 9971978865
|
| 020 |
|
|
|a 9971978873 (pbk.)
|
| 040 |
|
|
|a YSM
|c YSM
|d CEO
|d BD-DhAAL
|
| 082 |
0 |
0 |
|a 551.51531
|2 19
|
| 100 |
1 |
|
|a Riegel, C. A.
|9 41512
|
| 245 |
1 |
0 |
|a Fundamentals of atmospheric dynamics and thermodynamics /
|c C. A. Riegel ; edited by A.F.C. Bridger.
|
| 260 |
|
|
|a Singapore ;
|a River Edge, N.J. :
|b World Scientific,
|c c1992.
|
| 300 |
|
|
|a xi, 496 pages :
|b illustrations ;
|c 24 cm.
|
| 504 |
|
|
|a Includes bibliographical references (page 483) and index.
|
| 541 |
1 |
|
|e 14642
|
| 650 |
|
0 |
|a Dynamic meteorology.
|9 41513
|
| 650 |
|
0 |
|a Atmospheric thermodynamics.
|9 41514
|
| 700 |
1 |
|
|a Bridger, A. F. C.
|q (Alison F. C.)
|9 41515
|
| 852 |
4 |
|
|a Ayesha Abed Library
|j General Stacks
|
| 942 |
|
|
|2 ddc
|c BK
|
| 952 |
|
|
|0 0
|1 0
|2 ddc
|4 0
|6 551_515310000000000_RIE
|7 0
|9 221
|a BRACUL
|b BRACUL
|c GEN
|d 2009-04-29
|g 0.00
|l 0
|o 551.51531 RIE
|p 3010014642
|r 2009-04-29
|t 1
|w 2009-04-29
|y BK
|x No price found in the accession register.
|